Tìm hiểu luật cán bộ công chức

Cuốn sách gồm 10 chương bao gồm những quy định chung về cán bộ công chức, những quy định về cán bộ công chức từng cấp, quy định về quản lí công chức; thanh tra công vụ và điều khoản thi hành luật....

詳細記述

保存先:
書誌詳細
フォーマット: 図書
言語:Undetermined
出版事項: Hà Nội Dân trí 2010
主題:
タグ: タグ追加
タグなし, このレコードへの初めてのタグを付けませんか!
Thư viện lưu trữ: Trung tâm Học liệu Trường Đại học Cần Thơ
LEADER 00929nam a2200217Ia 4500
001 CTU_158614
008 210402s9999 xx 000 0 und d
020 |c 8000 
082 |a 342.597068 
082 |b T310 
245 0 |a Tìm hiểu luật cán bộ công chức 
245 0 |c Thy Anh tuyển chọn 
260 |a Hà Nội 
260 |b Dân trí 
260 |c 2010 
520 |a Cuốn sách gồm 10 chương bao gồm những quy định chung về cán bộ công chức, những quy định về cán bộ công chức từng cấp, quy định về quản lí công chức; thanh tra công vụ và điều khoản thi hành luật. 
650 |a Civil service,Vietnam 
650 |x Officials and employees,Legal status, laws, etc. 
650 |z Vietnam 
904 |i Kim Lan, Bạch Trúc 
980 |a Trung tâm Học liệu Trường Đại học Cần Thơ